| 000 | 00935nam a2200217Ia 4500 | ||
|---|---|---|---|
| 008 | 0000001987 a 0000000000spa00 | ||
| 090 | _aPSP00 F14j1 | ||
| 100 | 1 |
_aFajardo, José Luis _d1941 |
|
| 245 | 1 | 0 | _aJosé Luis Fajardo |
| 300 |
_a63 p. _c/ 28 cm. |
||
| 500 | _aExposición realizada en el Museo de Arte Contemporáneo de Caracas, Septiembre, 1986. En el Museo de Arte Moderno de Bogotá, Noviembre, 1986. En Museo de Arte moderno La Tertulia, Cali, enero, 1987 \ Con el patronazgo del maestro venezolano Jesús Rafael Soto (q.e.p.d.) | ||
| 501 | _aJosé Luis Fajardo: la línea del horizonte / Juan Cruz Ruiz | ||
| 600 | 0 | 0 |
_aFAJARDO, JOSE LUIS, 1941/ _xTRABAJOS PICTORICOS |
| 650 | 1 | 4 | _aARTE CONTEMPORANEO ESPAÑOL |
| 650 | 1 | 4 | _xCATALOGOS |
| 650 | 1 | 4 | _aDIBUJOS ESPAÑOLES |
| 650 | 1 | 4 | _xEXPOSICIONES |
| 650 | 1 | 4 | _aPINTORES ESPAÑOLES |
| 650 | 1 | 4 | _aPINTURA ESPAÑOLA |
| 999 |
_c5739 _d5739 |
||
| 260 |
_a< s.l. : s.n. > _c1987 |
||